000 00516cam a22002171 4500
001 sa 65000585
003 DLC
005 20260227112104.0
008 890616s1962 xx 000 0 urdo
010 _asa 65000585
035 _a(OCoLC)23542137
040 _aDLC
_cMiU
_dDLC
042 _apremarc
050 0 0 _aCB251
_b.E35
110 2 _aEhsan Mohammad Khan.
245 1 0 _aMashriqī o maghribī tahzīb.
260 _c[1962]
300 _a189 p.
_c19 cm.
500 _aRomanized.
650 0 _aEast and West
999 _c61625
_d61625